000 00576nam a2200193Ia 4500
003 LDD
008 181029s9999 xx 000 0 und d
020 _a9789814267892
_cP 63.99
040 _cLDD
100 _aCazaux, Jacques
245 0 _aUnderstanding Solid State Physics
_bproblems and solutions
_cJacques Cazaux
260 _aSingapore
_bPan Stanford
_c2016
300 _axvii, 646p
365 _bP 63.99
901 _a15116
_b27-01-2017
902 _a4010
_b08-02-2017
_cF
_dATB
_e53
903 _aDiscount-20
_bReqst by : SbubhalaxmiLamba
942 _2ddc
_cBK
999 _c120723
_d120723